Triage in plantation coffee in India (Record no. 46233)

MARC details
000 -LEADER
fixed length control field 00356nam a2200145Ia 4500
100 ## - MAIN ENTRY--AUTHOR NAME
Personal name Narasimhaswamy RL
245 #0 - TITLE STATEMENT
Title Triage in plantation coffee in India
260 ## - PUBLICATION, DISTRIBUTION, ETC. (IMPRINT)
Name of publisher Indian Coffee
Year of publication 1961
300 ## - PHYSICAL DESCRIPTION
Number of Pages 199-124
700 ## - ADDED ENTRY--PERSONAL NAME
Personal name Narahari M
700 ## - ADDED ENTRY--PERSONAL NAME
Personal name Rao YRA
700 ## - ADDED ENTRY--PERSONAL NAME
Personal name Vishveshwara S
942 ## - ADDED ENTRY ELEMENTS (KOHA)
Koha item type Reprints
Holdings
Withdrawn status Lost status Damaged status Not for loan Home library Current library Date acquired Serial Enumeration / chronology Koha item type
      Reprints RRII Library RRII Library 22/12/2021 Volume XXV, Issue JUNe Reprints